Home Print Resources E-Books E-Journals IIMT Lecture Series Library Membership Form Book Recommendation Form Campus Tour Take AdmissionAbout Us Contact Us

INDUSTRIAL ELECTRONICS AND CONTROL OF DRIVES (Record no. 11947)

000 -LEADER
fixed length control field 00371nam a2200145Ia 4500
003 - CONTROL NUMBER IDENTIFIER
control field OSt
005 - DATE AND TIME OF LATEST TRANSACTION
control field 20240319101805.0
008 - FIXED-LENGTH DATA ELEMENTS--GENERAL INFORMATION
fixed length control field 170523s9999 xx 000 0 und d
020 ## - INTERNATIONAL STANDARD BOOK NUMBER
International Standard Book Number 978-9350145203
040 ## - CATALOGING SOURCE
Transcribing agency IIMT UNIVERSITY MEERUT
100 ## - MAIN ENTRY--PERSONAL NAME
Personal name GOYAL SHWETA
245 #0 - TITLE STATEMENT
Title INDUSTRIAL ELECTRONICS AND CONTROL OF DRIVES
260 ## - PUBLICATION, DISTRIBUTION, ETC.
Place of publication, distribution, etc. Katson New Delhi.
942 ## - ADDED ENTRY ELEMENTS (KOHA)
Source of classification or shelving scheme
Koha item type Book Bank
Holdings
Withdrawn status Lost status Source of classification or shelving scheme Damaged status Not for loan Home library Current library Date acquired Full call number Barcode Date last seen Price effective from Koha item type Public note Total Checkouts Date last checked out
          IIMT University Central Library Meerut IIMT University Central Library Meerut 05/31/2017 R 01-B-118859 05/31/2017 05/31/2017 Reference Book nil    
          IIMT University Central Library Meerut IIMT University Central Library Meerut 05/31/2017   01-B-118860 02/04/2025 05/31/2017 Book Bank   2 09/25/2024
          IIMT University Central Library Meerut IIMT University Central Library Meerut 05/31/2017   01-B-118861 05/31/2017 05/31/2017 Book Bank      
          IIMT University Central Library Meerut IIMT University Central Library Meerut 05/31/2017   01-B-118862 05/31/2017 05/31/2017 Book Bank      
          IIMT University Central Library Meerut IIMT University Central Library Meerut 05/31/2017   01-B-118863 05/31/2017 05/31/2017 Book Bank      
          IIMT University Central Library Meerut IIMT University Central Library Meerut 05/31/2017   01-B-118864 05/31/2017 05/31/2017 Book Bank      
          IIMT University Central Library Meerut IIMT University Central Library Meerut 05/31/2017   01-B-118865 02/04/2025 05/31/2017 Book Bank   3 09/25/2024
          IIMT University Central Library Meerut IIMT University Central Library Meerut 05/31/2017   01-B-118866 05/31/2017 05/31/2017 Book Bank      
IIMT, Central Library. All Rights Reserved IIMT,UNIVERSITY © 2023
Implemented and Customised by I CLOUDE EMS
You Are OPAC Visitor No
free web counter

Powered by Koha